Colourless/Clear Crystals - Statistics

General Stats
  • This quiz has been taken 24 times
  • The average score is 2 of 6
Answer Stats
Description Answer % Correct
Carbon; hardest natural mineral known; very popular in expensive jewelry; name included in a song title by Shirley Bassey (used for a theme song for the 007 film back in 1971) Diamond
82%
AKA rock crystal; first stone to be described as crystal; Greeks called the rock 'crystalos' meaning "permanent ice"; constitutes more than 1/10 of Earths crust; prized by healers and shamans Clear quartz
68%
Common mineral found within volcanic rock cavities; crystals are commonly needle-shaped, columnar, or tabular - often with four sides meeting at a pyramidal point; shiny surface; sensitive to heat; has a green variety called fluorapophyllite Apophyllite
18%
Rare yet fairly wide distributed mineral of dolomite deposits; derived name from Danbury, Connecticut, USA; crystals are usually slender and chisel-tipped; large crystals have a frosty sparkle; occasionally golden or pink in colour Danburite
14%
Forms in sedimentary borax deposits in salt lake basins and arid desserts; can form aggregates of needle-like crystal, fibrous aggregates, granules, and massive varieties; aka "TV stone"; soft mineral; sensitive to humidity and water Ulexite
14%
Occurs as pyramidal or prismatic crystals within igneous rocks; resistant to erosion; sometimes used as an imitation stone; heat-treated to turn to a variety of colours; gem-quality stones usually come from Australia Zircon
14%
No matching quizzes found
Score Distribution
Percent of People with Each Score
Percentile by Number Answered
Your Score History
You have not taken this quiz